000 00645nam a22002297a 4500
003 UA-OsUOA
001 96604
007 ta
008 20130320b un ||||| |||| 00| 0 ukr d
100 _aЛесаж А.
090 _a821.133.1
_bЛ50
942 _cBK
040 _aUA-OsUOA
_bukr
_cUA-OsUOA
_dUA-OsUOA
245 _aКульгавий біс
_bбіографічна довідка Бунича-Ремізова Б.
300 _a262 с.
955 _a3
041 _aukr
080 _a821.133.1
260 _aК.
_bДніпро
_c1982
650 7 _a82 Література. Літературознавство
_2UDC
999 _c382855
_d382855